| 000 | 00644ngm a22002417a 4500 | ||
|---|---|---|---|
| 005 | 20170224103213.0 | ||
| 008 | 150507b xxu||||| |||| 00| 0 spa d | ||
| 041 | _aspa | ||
| 082 | _a347 DVD | ||
| 110 |
_aUNED _93215 |
||
| 245 | _aIncendios forestales | ||
| 260 | _aCosta Rica | ||
| 260 | _bUNED | ||
| 260 | _c2005 | ||
| 300 | _a22 minutos | ||
| 500 | _aDaños ocasionados a la flora y fauna por los incendios forestales de cada año. Daño al suelo | ||
| 650 |
_aCOSTA RICA _940696 |
||
| 650 |
_aINCENDIOS FORESTALES _933148 |
||
| 650 |
_aFLORA _94418 |
||
| 650 |
_aFAUNA _94419 |
||
| 650 |
_aDAÑO DE SUELOS _940692 |
||
| 942 | _cDVD | ||
| 999 |
_c5202 _d5202 |
||